000 00780nas a2200253 4500
001 BR2018001909
003 BR-BrBNA
005 20231205131414.0
007 ta
008 230509b bl.|||p| |||| 00| 00por d
040 _aBR-BrBNA
_bpor
_cBiblioteca Nacional de Agricultura
041 _a(Pt)
072 _aP01
100 1 _aPinheiro, H.
100 1 _aCastro, J.P.M. de
100 1 _aAzevedo, J.C.
245 1 _aAlterações na paisagem e sequestro de carbono na freguesia de Deilão, nordeste de Portugal
650 _aCARBONO
650 _aUSO DA TERRA
650 _aPROTEÇÃO AMBIENTAL
773 0 _tRevista Árvore (Brazil)
_xISSN 0100-6762
_g(Jan-Fev 2014), v. 38(1) p. 41-52
_wBR2018001909
909 _a202311
_bLúcia
_c55
_dLúcia Elande
942 _2AGRIS
_n0
_cANA
999 _c254625
_d254625